| 000 | 00451nam a22001577a 4500 | ||
|---|---|---|---|
| 999 |
_c41296 _d41296 |
||
| 003 | OSt | ||
| 005 | 20210415111742.0 | ||
| 008 | 210415b ||||| |||| 00| 0 eng d | ||
| 040 | _coclc | ||
| 082 |
_a200 _bMAS/B |
||
| 100 |
_98589 _aMaster, E C Simon |
||
| 245 |
_aBibilum Quraanum/ _cE C Simon Master |
||
| 260 |
_aCalicut: _bDialogue Centre Kerala, _c2018. |
||
| 300 | _a119 pages | ||
| 942 |
_2ddc _cBK _h200 _iMAS/B _k200 _mMAS/B |
||